Sanctuary: The new underground railroad/
Examina los esfuerzos de grupos de iglesias estadounidenses para ayudar a los centroamericanos a encontrar refugio en los Estados Unidos.
Tallennettuna:
| Yhteisötekijä: | |
|---|---|
| Muut tekijät: | |
| Aineistotyyppi: | Konferenssijulkaisu Kirja |
| Kieli: | Spanish |
| Julkaistu: |
New York
Orbis Book
|
| Aiheet: | |
| Tagit: |
Lisää tagi
Ei tageja, Lisää ensimmäinen tagi!
|
MARC
| LEADER | 00000nam a22000007a 4500 | ||
|---|---|---|---|
| 003 | cruCIDCACS | ||
| 005 | 20221117165726.0 | ||
| 008 | 221018b1986 nyu||||| |||| 00| 0 spa d | ||
| 040 | |c cruCIDCACS | ||
| 090 | |a 05.04.02 G618s | ||
| 111 | 1 | |9 10769 |a Golden, Renny | |
| 245 | 1 | |a Sanctuary: |b The new underground railroad/ |c Renny Golden and Michael McConnell | |
| 260 | |a New York |b Orbis Book | ||
| 300 | |a 214 páginas | ||
| 520 | 3 | |a Examina los esfuerzos de grupos de iglesias estadounidenses para ayudar a los centroamericanos a encontrar refugio en los Estados Unidos. | |
| 650 | 0 | 0 | |0 TESAUROS |9 2788 |a GRUPOS RELIGIOSOS |
| 650 | 0 | 0 | |9 1859 |a PRACTICA RELIGIOSA |
| 651 | 0 | |9 128 |a AMERICA CENTRAL | |
| 651 | 0 | |9 3410 |a MEXICO | |
| 700 | 1 | |9 10770 |a McConnell, Michael | |
| 942 | |2 z |c LI | ||
| 999 | |c 44605 |d 44605 | ||
